000 00694nam a22001937a 4500
005 20250716123124.0
010 _aENG-146001
020 _a9789361634482
_c450.00
035 _aEN-129533
037 _bDBAD
082 _a543.089
245 _a11th International Conference on Emerging Trends in Engineering & Technology/
_cPandian Saraswathi Yadav Engineering College
250 _a1
260 _aMadurai
_bShanlax Publications
_c2024
270 _a61, 66 T. P. K. Main Road Vasantha Nagar
_bMadurai
_e625003
_k0452-4208765
_mshanlaxpublications@gmail.com
300 _a171p.
_c24cm (pb)
500 _aICETET'24 26th & 27th April 2024
942 _2ddc
_cEN
_h543.089
_mINT
999 _c212397
_d212397